000 004460000a22001210004500
090 _aAS
_bSeriadas
245 1 0 _aMelastomatáceas de los géneros Axinaea, Blakea, Castratella, Centronia, Killipia, Meriania, Monochaetum, Ossaea y Tibouchina en Colombia
041 0 _aEspañol
700 1 _aMendoza Cifuentes, Humberto
_94236
100 1 _aCalderón Sáez, Eduardo
_91494
942 _cARTICULO
773 1 _tBiota Colombiana
_31061
_h3
_q336-357
_d2000
_g1
999 _c15338
_d15338